000 00653nam a2200181 i 4500
001 34131
003 ES-MaACL
005 20230906154859.0
007 t|
008 030204s1970 sp ||||1| spa d
100 1 _aBlanco Argüelles, Manuel.
_929223
245 1 0 _aTratamiento de ortopedia y de rehabilitación de las escoliosis juveniles y del adolescente /
_cManuel Blanco Argüelles.
260 _aMadrid :
_bResidencia Sanitaria Clínica del Trabajo,
_c[1970]
300 _a68 p., 7 lám. :
_bil. ;
_c24 cm.
650 4 _aEscoliosis.
_9147021
710 2 _aResidencia Sanitaria Clínica del Trabajo.
_96440
852 _aES-MaACL
_jC-44057
_bR.72719
999 _c34131
_d34131